• 首页
  • 本馆介绍
  • 公告通知
  • 最新文献
  • 馆藏检索
  • 电子资源
  • 读者导购
  • 参考咨询
  • 我的图书馆
  • 登录
  • 详细信息显示
  • 放入我的书架
  • 预约/预借图书
  • 作者相关作品
  • 分类相关作品
  • 丛书相关作品
  • 出版社相关作品

书目信息

  • 表格格式
  • 工作单格式
  • 卡片格式
题名:
我的太阳
    
 
作者: 孙继海 , 孙继海 著
分册:  
出版信息: 北京   蓝天出版社  2005
页数: 239页
开本: 23cm
丛书名:
单 册:
中图分类: K825.47
科图分类:
主题词:
电子资源:
ISBN: 7-80158-541-0
000 01055nam0 2200313 450
000 01018nam0 2200301 450
000 00961nam0 2200301 450
000 00907nam0 2200277 450
000 00925nam0 2200265 450
000 00888nam0 2200253 45
001 TS2006030559
005 20070111150955.96
010    @a7-80158-541-0@dCNY29.80
100    @a20060829d2005 em y0chiy0110 ea
101 0  @achi
102    @aCN@b110000
105    @aa z 000ya
200 1  @a我的太阳@Awo de tai yang@f孙继海著@Fsun ji hai zhu
210    @a北京@c蓝天出版社@d2005
215    @a239页@c照片@d23cm
330    @a本书是孙继海的自传,描写了他足球生涯的成长经历。分为海边、巴西、万达(上)、初进国家队、万达(下)、霍顿时代、水晶宫等十章。
600  0 @a孙继海@x生平事迹
690    @aK825.47@v4
701  0 @a孙继海@Asun ji hai@f(1977.9~)@4著
701  0 @a孙继海@Asun ji hai@4著
801  0 @aCN@b中图数据@c20070111
905    @a10447@dK825.47@e516
    
    我的太阳/孙继海著.-北京:蓝天出版社,2005
    239页:照片;23cm
    
    
    ISBN 7-80158-541-0:CNY29.80
    本书是孙继海的自传,描写了他足球生涯的成长经历。分为海边、巴西、万达(上)、初进国家队、万达(下)、霍顿时代、水晶宫等十章。
●
相关链接 在E读中查询图书 在五车中查询图书 在当当中查询图书 在豆瓣中查询图书


正题名:我的太阳     索取号:K825.47/516         预约/预借

序号 登录号 条形码 馆藏地/架位号 状态 备注
1 0602104   206021044   第二样本阅览室/ [索取号:K825.47/516] 在馆    
2 0602105   206021053   第二借阅区/ [索取号:K825.47/516] 在馆    
3 0602106   206021062   第二借阅区/ [索取号:K825.47/516] 在馆    
4 0602107   206021071   第二借阅区/ [索取号:K825.47/516] 在馆    
5 0602108   206021080   第二借阅区/ [索取号:K825.47/516] 在馆    
唐山师范学院图书馆 欢迎您!
大连网信软件有限公司© 版权所有